Alejandro - Lady Gaga (All Lyrics) - Statistics

General Stats
  • This quiz has been taken 2,120 times
  • The average score is 271 of 343
Answer Stats
Lyrics % Correct
a
99%
Ale
98%
Alejandro.
97%
Alejandro,
97%
I
96%
you,
93%
you.
93%
You
93%
you
93%
Don't
92%
don't
92%
my
92%
call
90%
name,
90%
name.
90%
me
86%
me,
86%
me.
86%
to
86%
Fernando.
83%
Just
83%
just
83%
not
83%
love
82%
your
81%
And
80%
and
80%
go.
80%
Roberto.
80%
that
80%
know
79%
I'm
78%
kiss,
78%
babe,
77%
babe.
77%
touch.
77%
en
75%
like
75%
she
75%
She
75%
wanna
75%
cigarette
73%
boy.
72%
in
72%
su
72%
got
71%
her
70%
Mexico,
69%
She's
69%
she's
69%
at
68%
At
68%
Hot
68%
let
66%
this
65%
baby.
63%
look
63%
both
61%
But
61%
nothing
61%
won't
61%
lose.
60%
hands
59%
bolsillo.
58%
pocket.
57%
dad,
55%
dad.
55%
please.
55%
point
55%
choose,
54%
gotta
54%
smoke
54%
around
53%
boyfriend's
53%
I've
53%
broken,
52%
hush.
49%
rejoice.
48%
true
48%
the
46%
finger,
45%
Stop,
44%
halo
42%
hides
42%
all
38%
him,
37%
he's
35%
those
32%
now
31%
before
30%
flames
29%
bother
27%
bad.
24%
burned
23%
Bye
23%
cool
20%
firefight,
16%
No matching quizzes found
Score Distribution
Percent of People with Each Score
Percentile by Number Answered
Your Score History
You have not taken this quiz